01421 a2200181 4500003000500000005001700005040000900022082001900031100002800050245007900078260002600157300001100183505084900194650003501043942001201078999001901090952013001109Nust20221206101031.0 cNust a621.381542,ZWO aZworykin, V. K.9104185 aPhoto- Electricity and its application /cV. K. Zworykin and E. G. Ramberg aNew YorkbWileyc1956 a494 p. aHistorical Introduction (Page-1), General Theory (Page-10), Photosensitive Surfaces (Page-37), Materials and Apparatus for Making Phototubes (Page-62), General Methods of Preparing Phototubes (Page-85), The Vacuum Phototube (Page-103), The Gas-Filled Phototube (Page-120), The Multiplier Phototube (Page-136), The Image Tube (Page-155), Photoconductive Cells (Page-175), Photovoltaic Cells (Page-196), Photocell Circuits and Amplification (Page-216), The Measurement of Small Photocurrents (Page-250), Photoelectric Measuring Devices (Page-269), Phototubes in Sound Reproduction (Page-323), Phototubes in Picture Transmission (Page-349), Photosensitive Camera Tubes in Television (Page-385), Light Beam Signaling and Infrared Detection (Page-407), Miscellaneous Applications of Photo-Electricity (Page-421), Photocells in the Future (Page-464). aTelecommunication Engineering. cBK2ddc c182463d182463 00102ddc4070aMCSbMCScGENd2022-12-06l0o621.381542,ZWOpMCS5784r2022-12-06w2022-12-06yBKzAlmirah No.34, Shelf No.5